Allied commanders on D-Day - Statistics

General Stats
  • This quiz has been taken 31 times
  • The average score is 3 of 12
Answer Stats
Hint Answer % Correct
Supreme Allied Commander Dwight Eisenhower
96%
Commander Allied Ground Forces Bernard Montgomery
78%
First Army Commander Omar Bradley
43%
Naval Forces Commander Bertram Ramsay
17%
Second Army Commander Miles Dempsey
17%
Deputy Supreme Allied Commander Arthur Tedder
13%
Air Force Commander in Chief Trafford Leigh Mallory
13%
Deputy Chief of Staff (ops) Frederick Morgan
9%
Chief of Staff Walter Bedell Smith
9%
Deputy Air Force Commander in Chief Hoyt Vandenberg
4%
Deputy Chief of Staff (air) James Robb
4%
Deputy Chief of Staff (admin) Humfrey Gale
0%
No matching quizzes found
Score Distribution
Percent of People with Each Score
Percentile by Number Answered
Your Score History
You have not taken this quiz